| 000 | 00741nam a22002531a 4500 | ||
|---|---|---|---|
| 001 | 16854 | ||
| 003 | BD-RjUL | ||
| 005 | 20211209000047.0 | ||
| 008 | 140215s1950 nyu 000 1 eng | ||
| 035 | _a(BD-RjUL)16909 | ||
| 035 | _a(OCoLC)951800 | ||
| 040 |
_aDLC _cOKentU _dBD-RjUL _beng |
||
| 041 | _aeng | ||
| 082 | 0 | 4 |
_2 22 _a813.0108 _bBUF 1950 |
| 100 | 1 |
_aBuck, Pearl S. _q(Pearl Sydenstricker), _d1892-1973. _952042 |
|
| 245 | 1 | 4 |
_aThe first wife and other stories / _cPearl S. Buck. |
| 250 | _a6th ed. | ||
| 260 |
_aNew York : _bThe John Day Company, _cc1950. |
||
| 300 |
_axxviii, 253 p. ; _c20 cm. |
||
| 650 |
_aShort stories, American. _951456 |
||
| 942 |
_2ddc _cBK |
||
| 999 |
_c16854 _d16854 |
||